[Event "Wch U18"]
[Site "Batumi"]
[Date "2006.10.26"]
[Round "9"]
[White "Braun, Arik"]
[Black "Jojua, Davit"]
[Result "1-0"]
[WhiteElo "2525"]
[BlackElo "2394"]
[Annotator "Braun,A"]
[PlyCount "83"]
[EventDate "2006.10.19"]
[EventType "swiss"]
[EventRounds "11"]
[EventCountry "GEO"]
[SourceTitle "CBM 115"]
[Source "ChessBase"]
[SourceDate "2006.11.15"]
[SourceVersion "1"]
[SourceVersionDate "2006.11.15"]
[SourceQuality "1"]

{Gegen Jojua Davit habe ich schon zwei Mal auf Jugendmeisterschaften gespielt
und beide Male verloren! Ich hoffte, dass es diesmal besser für mich laufen
würde...} 1. d4 Nf6 2. c4 e6 3. Nf3 (3. Nc3 {spielte ich in einer anderen
Partie mit dem selben Gegner. Aber ich wollte diesmal Nimzoindisch vermeiden
und ruhiger spielen.}) 3... Bb4+ 4. Bd2 c5 $5 {Eine interessante Spielweise.
Schwarz nimmt eine Verschlechterung seiner Bauernstruktur in Kauf, dafür engt
der schwarze Bauer auf b4 die weißen Figuren etwas ein.} 5. Bxb4 cxb4 6. g3 O-O
7. Bg2 {Soweit war mir alles bekannt. Normalerweise stellt Schwarz seine
Bauern nun auf schwarze Felder (d6, e5) und versucht so z.B. dass Feld c5 für
seinen Springer zu gewinnen.} d5 $6 {Ich glaube dieser Zug ist nicht gut.
Schwarz stellt freiwillig seinen Bauern auf ein weißes Feld und gibt mir damit
ein Angriffsziel. Außerdem werden die schwarzen Felder e5 und c5 geschwächt.}
8. Nbd2 Nc6 9. O-O Bd7 ({Ich rechnete eher mit} 9... b6 {um seinen Läufer auf
die große Diagonale zu stellen. Aber auch danach denke ich, dass Weiß Vorteil
hat z.B.} 10. Rc1 Bb7 11. e3 $14) 10. e3 {Macht Platz für die Dame auf e2 und
stärkt das weiße Zentrum.} Qe7 11. Qe2 Rfd8 12. Rac1 (12. e4 $5 dxe4 13. Nxe4
Be8 14. Rfd1 {war hier eine Alternative. Aber ich wollte zuerst meine Türme
ins Zentrum stellen.}) 12... Rac8 13. Rfd1 Be8 14. Nh4 (14. e4 $5 dxe4 15. Nxe4
Nxe4 16. Qxe4 Na5 17. Qe2 $14) 14... g6 (14... dxc4 15. Nxc4 $14) 15. f4 $5 {
Danach wird das Spiel sehr forciert und es ist nicht klar, für wen die
Verwicklungen besser sind.} (15. Nhf3 $142 $5 $14) 15... Na5 $1 {Schwarz muss
sofort versuchen Gegenspiel zu bekommen, bevor es Weiß gelingt, seinen
Springer von h4 wieder ins Spiel zu bringen.} 16. b3 (16. c5 $5 b6 17. cxb6
axb6 18. Nhf3 $13) 16... Bc6 $5 (16... dxc4 17. Nxc4 (17. bxc4 $5 Ba4 18. Re1
Bc6 19. Nhf3 Ne4 20. Nxe4 Bxe4 $13) 17... Nxc4 18. bxc4 Ba4 19. Rd2 {hatte ich
auf dxc4 geplant und dachte, dass Weiß aufgrund seines Zentrums besser steht.
Doch hier schlägt Fritz} Nd5 $1 {vor und die Stelllung bleibt unklar, da der
schwarze Springer auf c3 die Harmonie zwischen den weißen Figuren deutlich
stört.}) 17. e4 (17. Nhf3 dxc4 18. bxc4 Ne4) 17... dxc4 {Meine Gegner
überraschte mich hier. Ich hatte hauptsächlich mit dem Schlagen auf e4
gerechnet, wonach Weiß seinen Vorteil behaupten kann.} (17... dxe4 18. Nxe4
Nxe4 19. Bxe4 Bxe4 20. Qxe4 Nc6 21. Nf3 $14) 18. Nxc4 Bb5 {Dies war seine Idee.
Die Fesslung des Springers ist sehr unangenehm.} 19. Nf3 Nd7 20. Rd2 Nb6 21.
Rdc2 Bxc4 $5 (21... Naxc4 $5 22. bxc4 Ba4 23. Rb2 Bb5 $1 24. Rbc2 (24. Qe1 Bxc4
25. Rxb4 Bxa2 $13) 24... Ba4 $11) 22. bxc4 Na4 23. Qe1 $1 b6 (23... Nc3 $2 24.
a3 $16) 24. Bf1 Rc7 {Während der Partie war mir nicht klar, wer hier besser
steht. Noch dazu kamen wir hier beide langsam in Zeitnot...} 25. g4 $1 {
Dieser Zug hat mehrere Ideen. Zum einen macht er den Weg für die weiße Dame
nach h4 frei. Außerdem kann man mit g5 die schwarze Bauernstruktur am
Königsflügel festlegen und sich so das Feld e5 für den Springer sichern.} Nc6 (
25... Nc3 26. a3 $1) 26. Qf2 (26. Qe3 $2 Nxd4 $1 27. Nxd4 Qc5 $17) 26... Nc3
27. Re1 Na5 28. a3 Nxc4 29. axb4 Qxb4 30. Qh4 $1 {Da Schwarz mit seinen
Figuren am Damenflügel ist, versuchte ich direkt seinen König anzugreifen.}
Rdc8 $6 (30... Re8 $5 31. f5 (31. Ng5 $2 f6) (31. e5 Nd5) 31... Nd6 32. f6 Rec8
33. e5 Ne8 34. Kh1 $5 {Die Stellung bleibt unklar, wobei Fritz die weiße
Stellung bevorzugt. Ich denke auch, dass diese Stellung (vor allem in Zeitnot)
für Weiß leichter zu spielen ist.}) 31. Ng5 $1 Nd6 (31... h5 32. gxh5 $16) 32.
Qxh7+ Kf8 33. e5 Qxd4+ 34. Kh1 Nde4 {Mit diesem Zug hatte ich überhaupt nicht
gerechnet. Ich dachte, dass Jojua} (34... Ne8 {spielen würde. Darauf hatte ich}
35. f5 $1 {geplant und nicht gesehen, wie Schwarz den Angriff aufhalten soll.}
exf5 36. gxf5 gxf5 (36... Qg4 37. Qh8+ Ke7 38. f6+ $18) 37. e6 Qg7 38. Qxf5 Qg6
39. Nh7+ Kg8 40. Rg2 $18) 35. Rxe4 $1 Nxe4 $6 (35... Qd1 $5 {Danach ist es
noch nicht klar.} 36. Rf2 Nxe4 37. Nxe4 Qd5 38. Re2 (38. Qh8+ Ke7 39. Qh4+ g5
40. Qxg5+ Kf8 41. Qh6+ Kg8 42. Bd3 (42. Re2 Rc4) 42... Rc4 {Diese Stellung ist
wahrscheinlich Remis, da Weiß, um ein drohendes Matt zu verhindern,
Dauerschach geben muss.}) 38... Rc4 $1 (38... Rc1 $6 39. Kg1 Rxf1+ $5 40. Kxf1
Rc1+ 41. Kf2 $5 (41. Kg2 $6 Rc2 $1 42. Qh8+ Ke7 43. Qh4+ g5 $1 (43... Kf8 44.
Qf2 $18) 44. Qf2 (44. Qxg5+ Ke8 45. Qg8+ Ke7 46. Qg5+ $11) 44... Rxe2 45. Qxe2
gxf4 46. Kf3 Qxe5 47. g5 $16)) 39. Kg1 $1 (39. Qh8+ Ke7 40. Qh4+ g5 41. Qe1
gxf4 $13) 39... Rxe4 (39... Qd4+ 40. Nf2 Qxf4 $13) 40. Qh8+ Ke7 41. Qxc8 $16)
36. Qxf7+ $1 Rxf7 37. Rxc8+ Ke7 (37... Kg7 38. Nxe6+ Kh7 (38... Kh6 $2 39. Rh8+
Rh7 40. g5+ Kh5 41. Be2+ Kh4 42. Rxh7#) 39. Nxd4 Rxf4 40. Rc7+ Kh6 41. Be2 Nf2+
42. Kg2 Nxg4 43. Kg3 Rxd4 44. Bxg4 $18) 38. Rc7+ Ke8 $2 ({Hier hätte sich mein
Gegner mit} 38... Kd8 $1 {vielleicht retten können, aber er war in starker
Zeitnot, so dass er sofort 38...Ke8 zog.} 39. Nxe6+ Ke8 40. Bb5+ Qd7 41. Rxd7
Rxd7 42. Kg2 a5 43. h4 (43. Kf3 $5) 43... Ke7 44. Bxd7 Kxd7 45. Nf8+ Kc6 $2 (
45... Ke8 $1 46. Nxg6 a4 47. h5 Kf7 (47... a3 48. h6 a2 49. h7 a1=Q 50. h8=Q+
Kd7 51. e6+ $1 $18) 48. e6+ Kxe6 49. h6 Nd6 (49... Nf6 50. g5 Nh7 51. Ne5 a3
52. g6 Nf6 53. h7 a2 54. g7 $18) 50. Ne5 Nf7 51. g5 (51. h7 Nh8 52. Nc6 Kf6)
51... a3 52. Nc6 Kf5 53. Kg3 (53. Kf3 $2 Nxg5+ 54. fxg5 a2 55. Nd4+ Kxg5 $11)
53... a2 (53... Nxg5 $2 54. Nd4+ $1) 54. Nd4+ Kg6 55. Nb3 Kf5 56. Kf3 Nh8 $11 {
Weiß kann nicht mehr gewinnen. Vielleicht gibt es irgendwo eine Verbesserung
für Weiß, aber auf jeden Fall wäre 38...Kd8 viel zäher gewesen.}) 46. Kf3 a4 (
46... Nc5 47. h5 gxh5 48. gxh5 a4 49. e6 $18) 47. Kxe4 a3 48. Ne6 a2 49. Nd4+
$18) 39. Bb5+ Rd7 40. Bxd7+ Qxd7 41. Rxd7 Kxd7 42. Nxe4 1-0

[Event "AUT-chT"]
[Site "Austria"]
[Date "1993.??.??"]
[Round "?"]
[White "Duer, Arne"]
[Black "Fauland, Alexander"]
[Result "1-0"]
[WhiteElo "2415"]
[BlackElo "2435"]
[Annotator "Bulletin"]
[PlyCount "125"]
[EventDate "1993.??.??"]
[EventType "team"]
[EventRounds "11"]
[EventCountry "AUT"]
[SourceTitle "CBM 038"]
[Source "ChessBase"]
[SourceDate "1994.02.01"]
[SourceVersion "1"]
[SourceVersionDate "1994.02.01"]
[SourceQuality "1"]

1. c4 e6 2. Nf3 Nf6 3. d4 Bb4+ 4. Bd2 c5 5. Bxb4 cxb4 6. g3 O-O 7. Bg2 d6 8.
O-O Nc6 9. Nbd2 Re8 (9... e5 10. d5 Nb8 11. Qb3 Na6 12. Ne1 Nd7 13. Nd3 Qb6 14.
a3 $14) 10. Qb3 a5 (10... Qb6 11. d5 exd5 12. cxd5 Nd4 13. Nxd4 Qxd4 14. Nc4
Rxe2 15. Qxb4 $13) 11. d5 exd5 12. cxd5 Nb8 (12... Ne5 13. Nxe5 Rxe5 14. e4 Nd7
15. a3 $14) 13. Nd4 Na6 14. Nc4 Nc5 (14... Re7 15. Nb5 Ne8 16. e4 $14) 15. Qc2
Bg4 16. f3 Bc8 (16... Bh5 17. e4 Bg6 18. Qd2 $14) 17. e4 b6 (17... Re7 18. Rac1
) 18. Nb5 Ba6 (18... Nb7 19. Qf2 Ra6 20. a4) 19. Nbxd6 Rf8 20. Nf5 (20. e5 Nxd5
21. f4 Bxc4 22. Nxc4 b3 23. axb3 Nb4 24. Qc3 $16) 20... Rc8 21. b3 b5 (21...
Bxc4 22. bxc4 g6 23. Nd4 Re8 24. Rfe1 $14) (21... Na4 22. Qe2 Nc3 23. Qd3 Bxc4
24. bxc4 $16) (21... Ncxe4 22. fxe4 b5 23. Qd2 bxc4 24. Qg5 Ne8 (24... g6 25.
Nh6+ Kg7 26. Rxf6 Qxf6 27. Nf5+) 25. Nh6+ Kh8 26. Qxd8 Rxd8 27. Nxf7+ $18) 22.
Ncd6 Rc7 23. Qd2 g6 24. Nh6+ Kg7 25. e5 Ne8 (25... Nxd5 26. Nhf5+ gxf5 27. Qxd5
Bc8 28. Rad1 $16) 26. Nxe8+ Rxe8 27. Ng4 Nd7 28. Rfe1 f5 (28... h5 29. Qh6+ Kg8
30. Nf6+ Nxf6 31. exf6 $18) 29. exf6+ Nxf6 30. Qh6+ Kf7 (30... Kg8 31. Nxf6+
Qxf6 32. Rxe8+ $18) 31. Nxf6 Rxe1+ 32. Rxe1 Qxf6 33. Qxh7+ Qg7 34. Qh4 (34.
Qxg7+ Kxg7 35. d6 Rd7 36. Rd1 $18) 34... Qc3 35. Qe4 Qc5+ 36. Kh1 Bc8 37. f4 (
37. h4 Bf5 38. Qe8+ Kg7 39. Qe5+ Kf7 40. h5 $18) 37... Bf5 38. Qe8+ Kg7 39. h3
Qc3 40. g4 Bc8 41. d6 Rf7 42. Qe5+ Kh7 43. Rf1 Bb7 44. Qxc3 bxc3 45. Bxb7 Rxb7
46. Rd1 Rd7 47. Kg2 Kg7 48. Kf3 c2 (48... Kf6 49. Ke4 Ke6 50. f5+ $18) (48...
Kf7 49. Ke4 Ke8 50. Kd5 Rh7 51. Kc6 Kd8 52. Kxb5 $18) 49. Rc1 Rxd6 50. Rxc2
Rd3+ 51. Ke4 Rxh3 52. Rc7+ Kg8 53. Ke5 Rd3 54. Ra7 a4 55. bxa4 bxa4 56. Rxa4
Rd7 57. Kf6 Kh7 58. Re4 Rd6+ 59. Kg5 Ra6 60. Re7+ Kg8 61. Rb7 Kf8 62. a3 Kg8
63. a4 1-0

[Event "URS-ch U26"]
[Site "Tbilisi"]
[Date "1989.??.??"]
[Round "?"]
[White "Ruban, Vadim"]
[Black "Ulybin, Mikhail"]
[Result "1/2-1/2"]
[WhiteElo "2420"]
[BlackElo "2445"]
[Annotator "Bulletin"]
[PlyCount "89"]
[EventDate "1989.01.??"]
[EventType "tourn"]
[EventRounds "15"]
[EventCountry "URS"]
[EventCategory "9"]
[SourceTitle "CBM 012"]
[Source "ChessBase"]
[SourceDate "1989.10.01"]
[SourceVersion "1"]
[SourceVersionDate "1989.10.01"]
[SourceQuality "1"]

1. d4 e6 2. c4 Nf6 3. Nf3 Bb4+ 4. Nbd2 O-O 5. a3 Be7 6. e4 d5 7. e5 (7. cxd5 $6
exd5 8. e5 Ne4 $1 9. Bd3 f5 10. O-O c5 11. dxc5 a5 $1 12. Nb3 Nc6 13. Bb5 $2 f4
$1 14. Nbd4 Nxd4 15. Nxd4 Bxc5 16. Nb3 Bb6 17. Be2 Ng3 $1 18. Re1 Qh4 $40 {
Petrosian,A-Ulibin,M/URS-OT Pavlodar/1987/0-1/}) 7... Nfd7 8. cxd5 exd5 9. Be2
(9. Bd3 {-> CBM7/S.55; CBM8/S.69} c5 10. O-O Nc6 11. Re1 a5 12. Nf1 $6 {N} (12.
dxc5 Nxc5 13. Nb3 Nxd3 14. Qxd3 Bg4 15. Nbd4 Qd7 $10 {Schandorf-Kindermann/
Thessaloniki ol/}) (12. Qc2 h6 13. Nf1 cxd4 14. Ng3 Nc5 15. Bf5 a4 16. Bf4 d3
17. Bxd3 Bg4 $15 {18...Ne6; Browne,W-Makarichev,A/Saint John op/1988/}) (12.
Bc2 Re8 13. Nf1 cxd4 14. Bf4 (14. Ng3 Nf8 15. Nxd4 Bc5 16. Nxc6 bxc6 17. Be3
Bb6 18. Bxb6 Qxb6 19. Rb1 Ra7 $15 {Hertneck,G-Hecht,H/München/1988/}) 14... Nf8
15. Nxd4 Bc5 16. Nxc6 bxc6 17. Bg3 Qb6 18. Nd2 Ne6 $17 {Yusupov,A-Ehlvest,J (3)
/Saint John cm/1988/}) (12. h3 Re8 13. Bc2 (13. Nf1 cxd4 14. Ng3 Nf8 (14... g6
$5 {/\ Be7-f8-g7}) 15. b3 $1 Bd7 {>= 15...f6} 16. Ra2 $1 f6 17. Rae2 fxe5 18.
Nxe5 Nxe5 19. Rxe5 Bd6 20. Rxe8 Bxe8 21. Nf5 $16 {Yusupov,A-Kindermann,S/
München/1988/}) 13... Qc7 (13... Qb6 14. Nf1 Nf8 15. Be3 cxd4 16. Nxd4 Bc5 17.
Ba4 Bxd4 18. Bxd4 Qxd4 19. Qxd4 Nxd4 20. Bxe8 Nc2 21. Bb5 Nxa1 22. Rxa1 Ng6 $15
{Petursson,M-Ehlvest,J/Thessaloniki ol/1988/}) 14. Nf1 cxd4 15. Bf4 Nc5 16.
Nxd4 Nxd4 17. Qxd4 Ne6 18. Qd3 g6 19. Bg3 d4 20. Nd2 Bd7 21. Bb3 Qb6 $15 {
Browne,W-Ivanovic/New York op/19898/}) 12... cxd4 13. Qc2 h6 14. Ng3 Nc5 15.
Bf5 Qb6 $6 (15... d3 $1 16. Bxd3 Bg4 17. Nf5 Bxf3 18. gxf3 Ne6 19. f4 Rc8 $44)
16. Bxh6 $5 gxh6 (16... d3 $2 17. Qd2 Nb3 18. Qf4 Nxa1 19. Bxg7 $18) 17. Qd2
Re8 (17... Nd8 18. e6 fxe6 19. Qxh6 Rf7 20. Nh5 $1 Bd7 (20... Qc7 21. Ne5 $1
$18) 21. Ne5 Qxb2 22. Bg6 Qxf2+ 23. Kh1 Bf8 24. Bxf7+ Qxf7 25. Nf6+ $18) 18.
Qxh6 Bxf5 19. Nxf5 (19. Nh5 $2 Ne6 20. Nf6+ Bxf6 21. exf6 Qc5 $1 22. Rxe6 Qf8
$19) 19... Ne6 20. Qh5 {/\ 21.Nh6+} Ncd8 $2 (20... Rf8 21. N3xd4 Qxd4 22. Nxd4
Ncxd4 23. Qg4+ Kh7 24. Re3 $18) (20... Bf8 $1 21. Ng5 Nxg5 22. Qxg5+ Kh8 $2 {
>= 22...Kh7!} 23. Rad1 Nd8 (23... Qa6 $1 24. Qf6+ Kg8 25. e6 fxe6 26. Rxe6 Rxe6
27. Qxe6+ Kh8 28. Qf6+ Kg8 29. Re1 $40) 24. Qh5+ Kg8 25. Rd3 Re6 26. Rg3+ Rg6
27. e6 $1 Rxg3 28. e7 $18) 21. Qg4+ Kf8 22. N3xd4 Qxb2 23. Nxe6+ Nxe6 24. Qh5
Bf6 (24... Kg8 25. Nh6+ Kg7 26. Qxf7+ Kxh6 27. Qxe6+ $18) 25. Rab1 Qc3 26. Rbc1
Qb2 27. Rc2 Qxe5 28. Rxe5 Bxe5 29. Re2 Bg7 30. Nxg7 Kxg7 31. Qxd5 {1-0;
Sokolov,A-Rotstein/Sofia/1988/}) 9... c5 10. dxc5 a5 11. Nb3 a4 12. Nbd4 Nxc5
13. O-O Nc6 14. Be3 Bg4 $1 15. Nxc6 bxc6 16. Rc1 Ne6 17. Nd4 (17. Rxc6 $2 d4 $1
) 17... Bxe2 18. Qxe2 Nxd4 19. Bxd4 Rc8 $10 20. Qe3 Qd7 21. Rfd1 Rfe8 22. f4
Qf5 23. Qf2 f6 24. Re1 fxe5 25. Rxe5 Qf7 26. g3 h6 27. Re2 Bf6 28. Rxe8+ Rxe8
29. Be5 Qh5 30. Rxc6 Bxe5 31. fxe5 Qxe5 32. Rc2 Qe4 33. Rd2 Rc8 34. Qe2 Rc1+
35. Kf2 Qh1 36. Qe6+ Kh8 37. Qxd5 Qf1+ 38. Ke3 Re1+ 39. Kd4 Qf6+ 40. Kc4 Rc1+
41. Kb4 Rc8 42. Kxa4 Qb6 43. b4 Qa6+ 44. Kb3 Ra8 45. Qa5 1/2-1/2

[Event "URS-ch U26"]
[Site "Tbilisi"]
[Date "1989.??.??"]
[Round "?"]
[White "Shirov, Alexei"]
[Black "Ulybin, Mikhail"]
[Result "1/2-1/2"]
[WhiteElo "2450"]
[BlackElo "2445"]
[Annotator "Bulletin"]
[PlyCount "83"]
[EventDate "1989.01.??"]
[EventType "tourn"]
[EventRounds "15"]
[EventCountry "URS"]
[EventCategory "9"]
[SourceTitle "CBM 012"]
[Source "ChessBase"]
[SourceDate "1989.10.01"]
[SourceVersion "1"]
[SourceVersionDate "1989.10.01"]
[SourceQuality "1"]

1. d4 e6 2. Nf3 Nf6 3. c4 Bb4+ 4. Nbd2 b6 5. a3 Bxd2+ 6. Bxd2 Bb7 7. Bg5 h6 8.
Bh4 d6 9. e3 Nbd7 10. Bd3 g5 11. Bg3 h5 12. h3 Rg8 13. Rc1 a5 14. b4 axb4 15.
axb4 Ra3 16. c5 bxc5 17. bxc5 dxc5 18. dxc5 h4 19. c6 Bxc6 20. Nd4 Ba4 21. Bc2
c5 22. O-O $5 hxg3 23. Bxa4 cxd4 24. Qxd4 Nd5 25. fxg3 Qb6 26. Rc8+ Ke7 27.
Bxd7 Rxc8 28. Bxc8 Rxe3 (28... Qxd4 29. exd4 Rxg3 $10) 29. Qxb6 Nxb6 30. Bb7
Nc4 31. Bf3 Nd2 32. Ra1 f5 33. Ra7+ Kf6 34. Ra5 Rd3 35. Kf2 Rd8 36. Ra2 Nc4 37.
g4 f4 38. g3 Ne5 39. gxf4 gxf4 40. Re2 Ng6 41. g5+ Kxg5 42. Rxe6 1/2-1/2

[Event "USA-ch"]
[Site "Long Beach"]
[Date "1993.??.??"]
[Round "6"]
[White "Dzindzichashvili, Roman"]
[Black "Christiansen, Larry Mark"]
[Result "1/2-1/2"]
[WhiteElo "2535"]
[BlackElo "2555"]
[Annotator "Bulletin"]
[PlyCount "37"]
[EventDate "1993.12.??"]
[EventType "tourn"]
[EventRounds "11"]
[EventCountry "USA"]
[EventCategory "14"]
[SourceTitle "CBM 039"]
[Source "ChessBase"]
[SourceDate "1994.04.01"]
[SourceVersion "1"]
[SourceVersionDate "1994.04.01"]
[SourceQuality "1"]

1. d4 {Kortschnoj} (1. e4 e5 2. Nf3 Nc6 3. Bc4 Bc5 4. c3 Nf6 5. d3 d6 6. Bb3 a6
7. Nbd2 O-O 8. h3 Ba7 9. Nf1 $1 {White plays Nd2-f1-g3 before the castling,
since the rook wins a tempo with Rf1-d1 instead of 9.0-0,Re1,Nf1 followed by
Rd1.} d5 (9... h6 $5) 10. Qe2 Re8 (10... dxe4 11. dxe4 h6 12. Be3 Bxe3 13. Qxe3
Qe7 $10) 11. Ng3 $146 (11. Bg5 dxe4 12. dxe4 Be6 13. Rd1 Qe7 $10 {Mora,
V-Holubkova,M Debrecen E 1992}) 11... h6 12. O-O Be6 $10 13. Rd1 $1 Qd7 14. Nh4
(14. d4 exd4 (14... dxe4 15. Nxe5 Qd6 16. Nf5 Bxf5 $2 (16... Qf8 $142) 17. Nxf7
$1 $16) 15. e5 Ne4 16. Nxe4 (16. cxd4 $5 Nxg3 17. fxg3 Na5 18. Bc2 Bf5 $15)
16... dxe4 17. Nxd4 Nxd4 18. cxd4 Bxb3 19. axb3 Bxd4 20. Be3 c5 21. Bxd4 cxd4
22. Qxe4 Rad8 $15) 14... Ne7 (14... Rad8 $5 15. Nhf5 Ne7 $10) 15. Qf3 dxe4 16.
dxe4 Qc6 17. Bc2 {/\Bh6} (17. Nhf5 $6 Nxf5 18. exf5 (18. Nxf5 Nxe4 19. Be3 Bxe3
20. Nxe3 Bxb3 21. axb3 Rad8 $15) 18... Qxf3 19. gxf3 Bxb3 20. axb3 Rad8 21. Be3
Bb6 $15) (17. Bxh6 $2 Bxb3 18. axb3 gxh6 $19) 17... Kh7 18. Nhf5 (18. Rd5 $5)
18... Nxf5 19. Nxf5 Bxf5 20. Qxf5+ g6 $10 21. Qf3 Kg7 22. Be3 {1/2-1/2 Gelfand,
B-Adams,M (2)/Wijk cm1 1994} (22. b3 $142 Rad8 23. Bb2 $13)) 1... Nf6 2. c4 e6
3. Nf3 Bb4+ 4. Bd2 c5 {The Bogoindian has been soaring in popularity in the
past few years, and this is one of many lines which has gained a new lease on
life.} 5. Bxb4 cxb4 6. g3 d6 7. Bg2 O-O 8. O-O {White sometimes defers
castling so that the knight can travel from b2 to f1 via d2.} (8. Nbd2 Nc6 (
8... Re8 9. Nf1 Qa5 $5 10. N3d2 e5 11. Nb3 Qc7 12. Ne3 a5 13. dxe5 dxe5 14. O-O
a4 15. Nd2 Nc6 {led to complex play in Razuvajev-Mandl, Dortmund 1993.}) 9. Nf1
Bd7 10. Ne3 Ne7 11. O-O a5 12. Qd3 Re8 13. a3 Qb6 14. axb4 Qxb4 15. Qd2 Qxd2
16. Nxd2 a4 {gave Christiansen a comfortable endgame, which he eventually won,
against Khalifman at Las Palmas earlier this year.}) 8... a5 {The normal move
here is 8...Re8, seen in many games this year, especially with the Slovenian
player Gostica on the Black side.} (8... Re8 9. Qd3 (9. a3 Qb6 (9... Nc6 10. d5
exd5 11. cxd5 Ne7 12. axb4 Nexd5 13. b5 Qb6 14. Na3 $14 {Nikolic-Gostica,
Portoroz 1993.}) 10. Qb3 Nc6 11. axb4 Nxb4 12. Rc1 a5 13. c5 dxc5 14. Rxc5 Nd7
15. Rc1 e5 {was played in Zueger-Gostisa, Bundesliga 1993.}) (9. Qb3 Nc6 10. d5
Na5 11. Qxb4 exd5 12. cxd5 Nxd5 13. Qd2 Nf6 14. Nc3 Nc4 {gave Black the
initiative in Farago-Gostica, Portoroz 1993.}) 9... Nbd7 10. Nbd2 e5 11. e4 b6
12. Ne1 a5 {was Polugayevsky-Korchnoi, Monaco Rapid 1993.}) 9. a3 Na6 10. axb4
Nxb4 11. Nc3 b6 12. Ne1 d5 13. cxd5 Nfxd5 14. Nd3 Nxd3 15. Qxd3 Ba6 16. Qd2
Nxc3 17. bxc3 Rc8 18. Rfb1 Qc7 19. e3 {Kortschnoj An interesting, balanced
position, but the players chose to conclude peacefully here.} 1/2-1/2

[Event "Hoogovens"]
[Site "Wijk aan Zee"]
[Date "1984.01.21"]
[Round "7"]
[White "Nikolic, Predrag"]
[Black "Andersson, Ulf"]
[Result "1-0"]
[WhiteElo "2570"]
[BlackElo "2630"]
[Annotator "Bulletin"]
[PlyCount "69"]
[EventDate "1984.01.13"]
[EventType "tourn"]
[EventRounds "13"]
[EventCountry "NED"]
[EventCategory "13"]
[SourceTitle "MCL"]
[Source "ChessBase"]
[SourceDate "1999.07.01"]
[SourceVersion "1"]
[SourceVersionDate "1999.07.01"]
[SourceQuality "1"]

1. d4 Nf6 2. c4 e6 3. Nf3 Bb4+ 4. Bd2 Bxd2+ 5. Qxd2 O-O 6. Nc3 d5 7. e3 Qe7 8.
a3 $5 Nbd7 9. Qc2 dxc4 10. Bxc4 c5 11. O-O Nb6 (11... b6 12. d5 $5 exd5 13.
Bxd5 Rb8 14. Qf5) 12. Ba2 cxd4 13. exd4 (13. Nxd4 Bd7 14. e4 Qc5 $1) 13... Bd7
14. Rfe1 (14. Rae1 $5 Qd6 15. Ne4 Nxe4 16. Rxe4 Qc6 17. Qd3 Rac8 18. Bb1) 14...
Qd6 (14... Bc6 15. Ng5 {/\ d5 / Nxe6}) 15. Rad1 Rac8 16. Rd3 Rfd8 17. Ng5 Na4 (
17... h6) 18. Bb1 (18. d5 $5 e5 19. Rf3 Nxc3 20. bxc3 (20. Rxf6 Ne2+) 20... Bg4
(20... g6 $5) 21. Rxf6 Qxf6 22. Qxh7+ Kf8 23. d6 Qh6 24. Qxh6 gxh6 25. Nxf7 $44
) 18... Be8 (18... h6 $1 19. Nge4 Nxe4 20. Rxe4 Nxc3 21. bxc3 Qxa3 22. h4 $40)
19. Rf3 Qxd4 (19... h6 20. Rxf6 gxf6 21. Qh7+ Kf8 22. Rxe6 Qxe6 23. Nxe6+ fxe6
24. Qxh6+ Ke7 25. Qg7+ Bf7 26. Bg6 Rf8 27. h4) 20. Nxh7 Nxh7 (20... Nd5 21. Ng5
Nf6 22. h3) 21. Qxh7+ Kf8 22. h3 $1 (22. Nxa4 Rc1) 22... Ke7 (22... Nxc3 23.
Rxe6 $1 $18) 23. Re4 Qd6 (23... Qc5 24. Rxa4 Bxa4 25. Qh4+ $16) (23... Qd2 24.
Rxe6+ Kxe6 25. Qe4+ Kd6 26. Rd3+ Qxd3 27. Qxd3+ Ke7 28. Qg3 $16) 24. Rd3 Qb8
$138 (24... Qb6 25. Rb4) (24... Qc5 25. Nxa4) 25. Qxg7 $138 (25. Rxa4 Bxa4 26.
Qh4+ Kf8 27. Qxa4 Rxd3 28. Bxd3 $16) 25... Rxd3 26. Bxd3 Nxc3 27. bxc3 Rc5 28.
Bc4 (28. g3) 28... Bd7 29. g3 Qd6 $2 (29... Qc7) 30. Rf4 Kd8 31. Qxf7 Qc6 32.
Bd3 Rxc3 33. Qf8+ Kc7 34. Be4 Rc1+ 35. Kh2 {Time} (35. Kh2 Qc5 36. Qxc5+ Rxc5
37. h4) 1-0

[Event "USA-ch"]
[Site "Greenville"]
[Date "1983.??.??"]
[Round "3"]
[White "Browne, Walter Shawn"]
[Black "Dzindzichashvili, Roman"]
[Result "1/2-1/2"]
[WhiteElo "2540"]
[BlackElo "2460"]
[Annotator "Bulletin"]
[PlyCount "49"]
[EventDate "1983.07.??"]
[EventType "tourn"]
[EventRounds "13"]
[EventCountry "USA"]
[EventCategory "10"]
[SourceTitle "MCL"]
[Source "ChessBase"]
[SourceDate "1999.07.01"]
[SourceVersion "1"]
[SourceVersionDate "1999.07.01"]
[SourceQuality "1"]

1. d4 Nf6 2. c4 e6 3. Nf3 Bb4+ 4. Nbd2 c5 $6 (4... b6) 5. a3 Bxd2+ 6. Qxd2 cxd4
7. Nxd4 Nc6 8. Nxc6 bxc6 9. b4 a5 10. Bb2 axb4 11. axb4 Rxa1+ 12. Bxa1 c5 $5 (
12... O-O 13. c5) 13. Qg5 $1 O-O 14. Qxc5 d6 15. Qa7 $1 Bd7 16. f3 Qa8 17. Qxa8
Rxa8 18. Bc3 Ra3 19. Kd2 d5 20. e3 $2 (20. e4 $1 dxe4 21. Be2 e3+ $2 22. Kd3 e5
23. Rc1) 20... Ba4 $1 21. Bb2 Rb3 22. Bxf6 (22. Bc3 Ra3) 22... gxf6 23. Bd3
dxc4 24. Bxc4 Rxb4 25. Kc3 1/2-1/2

[Event "URS-ch46 First League"]
[Site "Ashkhabad"]
[Date "1978.??.??"]
[Round "10"]
[White "Beliavsky, Alexander G"]
[Black "Makarichev, Sergey"]
[Result "1/2-1/2"]
[WhiteElo "2545"]
[BlackElo "2495"]
[Annotator "Bulletin"]
[PlyCount "31"]
[EventDate "1978.10.??"]
[EventType "tourn"]
[EventRounds "17"]
[EventCountry "URS"]
[EventCategory "10"]
[SourceTitle "MCL"]
[Source "ChessBase"]
[SourceDate "1999.07.01"]
[SourceVersion "1"]
[SourceVersionDate "1999.07.01"]
[SourceQuality "1"]

1. d4 Nf6 2. c4 e6 3. g3 Bb4+ 4. Bd2 Be7 5. Bg2 d5 6. Nf3 O-O 7. O-O c6 8. Qc2
b6 9. Ne5 Ba6 10. b4 dxc4 11. Nxc6 Nxc6 12. Bxc6 Rc8 13. b5 Qxd4 14. Nc3 Rxc6
$1 15. bxc6 b5 16. Bf4 $15 (16. Bf4 e5 17. Rfd1 Qc5 $15) 1/2-1/2